000 00740nam a22002417a 4500
001 BR9506368
003 BR-BrBNA
005 20230928094540.0
007 ta
008 230509b bl.||||| |||| 00| 0 por d
040 _aBR-BrBNA
_bpor
_cBiblioteca Nacional de Agricultura
041 _a(Por)
072 _aE20; C10
090 _ E20 BR9506368
110 1 _aEmpresa Brasileira de Assistencia Tecnica e Extensao Rural, Brasilia, DF (Brasil)
245 1 _aManual de procedimentos e plano de contas da contabilidade de custos para os Centros de Treinamento
260 3 _aBrasilia, DF (Brasil):
_c1986.
300 _a51 p.
650 _aTreinamento
650 _aContabilidade
909 _a202309
_bLucia
_c55
_dLucia Elande
942 _cBK
999 _c51272
_d51272